000 00476 a2200157 4500
005 20150417113647.0
008 111124t xxu||||| |||| 00| 0 eng d
020 _a9789380009391
080 _aF
_bLAN/R CL
100 _aLang, Andrew., ed.
_eed.by
245 _aRed fairy:
_bthe twelve dancing princesses and other stories
260 _aNew Delhi
_bMind melodies
_c2010
300 _a202p.
653 _aFairy tales-English literature
_aFiction-English literature
942 _cCC
999 _c71735
_d71734